Państwa graniczące z Rumunią - Statystyki

Ogólne statystyki
  • Ten quiz został rozwiązany 23 razy
  • Średni wynik to 5 z 5
Statystyki odpowiedzi
odpowiedź % Poprawnych
Bułgaria
100%
Węgry
100%
Mołdawia
95%
Serbia
95%
Ukraina
90%
Nie znaleziono quizów pasujących do podanych kryteriów
Rozkład punktacji
Procent ludzi z każdym wynikiem
Percentyl według liczby udzielonych odpowiedzi
Twoja historia wyników
Nie rozwiązałeś tego quizu